|
|
|
|
| LEADER |
03328nam a22005055i 4500 |
| 001 |
978-981-10-7101-0 |
| 003 |
DE-He213 |
| 005 |
20180111114348.0 |
| 007 |
cr nn 008mamaa |
| 008 |
180111s2017 si | s |||| 0|eng d |
| 020 |
|
|
|a 9789811071010
|9 978-981-10-7101-0
|
| 024 |
7 |
|
|a 10.1007/978-981-10-7101-0
|2 doi
|
| 040 |
|
|
|d GrThAP
|
| 050 |
|
4 |
|a QH601-602
|
| 072 |
|
7 |
|a PSF
|2 bicssc
|
| 072 |
|
7 |
|a SCI017000
|2 bisacsh
|
| 072 |
|
7 |
|a SCI049000
|2 bisacsh
|
| 082 |
0 |
4 |
|a 571.64
|2 23
|
| 100 |
1 |
|
|a Wardhan, Rashmi.
|e author.
|
| 245 |
1 |
0 |
|a Textbook of Membrane Biology
|h [electronic resource] /
|c by Rashmi Wardhan, Padmshree Mudgal.
|
| 264 |
|
1 |
|a Singapore :
|b Springer Singapore :
|b Imprint: Springer,
|c 2017.
|
| 300 |
|
|
|a XXV, 368 p. 343 illus.
|b online resource.
|
| 336 |
|
|
|a text
|b txt
|2 rdacontent
|
| 337 |
|
|
|a computer
|b c
|2 rdamedia
|
| 338 |
|
|
|a online resource
|b cr
|2 rdacarrier
|
| 347 |
|
|
|a text file
|b PDF
|2 rda
|
| 505 |
0 |
|
|a Introduction to Biomembranes -- Membrane Structure -- Membrane Proteins -- Function and characterization of Cellular membranes -- Membrane Dynamics -- Membrane Transport -- Nerve Transmission -- Energy Transduction -- Membrane Receptors and Signal Transduction Pathways -- Recycling of Membranes.
|
| 520 |
|
|
|a This book provides a comprehensive overview of the basic principles, concepts, techniques and latest advances in the field of biomembranes and membrane-associated processes. With new emerging technologies and bioinformatics tools, this is a promising area for future study and research. The book discusses the composition, fluidity and dynamic nature of phospholipid bilayers, which vary with cell/organelle type and function. It describes the various types of transport proteins that facilitate the transport of polar and nonpolar molecules across the membrane actively or passively via ion-channels or through porins. It also explores the many cellular functions membranes participate in: (1) energy transduction, which includes the electron transport chain in inner membrane of mitochondria and bacterial cytoplasmic membrane and photosynthetic electron transport in thylakoid membranes in chloroplast and photosynthetic bacterial membranes; (2) cell–cell communication involving various signal transduction pathways triggered by activated membrane receptors; (3) cell–cell interactions involving various types of adhesion and receptor proteins; (4) nerve transmission involving opening and closing of voltage gated ionic channels; and (5) intracellular transport involving the processes of endocytosis, exocytosis, vesicular transport of solutes between intracellular compartments, membrane fusion and membrane biogenesis.
|
| 650 |
|
0 |
|a Life sciences.
|
| 650 |
|
0 |
|a Proteins.
|
| 650 |
|
0 |
|a Cell physiology.
|
| 650 |
|
0 |
|a Cell membranes.
|
| 650 |
1 |
4 |
|a Life Sciences.
|
| 650 |
2 |
4 |
|a Membrane Biology.
|
| 650 |
2 |
4 |
|a Protein-Ligand Interactions.
|
| 650 |
2 |
4 |
|a Receptors.
|
| 650 |
2 |
4 |
|a Protein Science.
|
| 650 |
2 |
4 |
|a Cell Physiology.
|
| 700 |
1 |
|
|a Mudgal, Padmshree.
|e author.
|
| 710 |
2 |
|
|a SpringerLink (Online service)
|
| 773 |
0 |
|
|t Springer eBooks
|
| 776 |
0 |
8 |
|i Printed edition:
|z 9789811071003
|
| 856 |
4 |
0 |
|u http://dx.doi.org/10.1007/978-981-10-7101-0
|z Full Text via HEAL-Link
|
| 912 |
|
|
|a ZDB-2-SBL
|
| 950 |
|
|
|a Biomedical and Life Sciences (Springer-11642)
|